000 00777cam a2200241 a 4500
001 15417729
005 20251121090118.0
008 080819s2009 njua b 001 0 eng
020 _a9780470074688
_qcloth
020 _a047007468X
_qcloth
050 0 0 _aTH145
_b.A417 2009
082 0 0 _a690
_223
100 1 _aAllen, Edward,
_d1938-
245 1 0 _aFundamentals of building construction :
_bmaterials and methods /
_cEdward Allen and Joseph Iano.
250 _a5th ed.
260 _aHoboken, N.J. :
_bWiley,
_cc2009.
300 _axii, 996 p. :
_bill. ;
_c29 cm.
650 0 _aBuilding.
650 0 _aBuilding materials.
700 1 _aIano, Joseph.
856 4 1 _3Table of contents only
_uhttp://www.loc.gov/catdir/toc/ecip0826/2008036198.html
942 _2lcc
_cBK
_e5th ed.
_n0
999 _c8273
_d8273